banner-ar

مالك بن انس : (Record no. 36513)

MARC details
000 -الفاتح
حقل البيانات ثابتة الطول 00723nam a2200205Ia 4500
005 - وقت وتاريخ اخر تعامل مع التسجيلة
رقم الضبط 20240530103047.0
008 - عناصر البيانات ثابتة الطول - معلومات عامة
حقل البيانات ثابتة الطول 140319s1994 xx 000 0 ara d
040 ## - مصدر الفهرسة
وكالة الفهرسة الأصلية GCL /
وكالة النسخ GCL
082 04 - رقم تصنيف ديوى العشرى
رقم التصنيف 922.582 /
رقم المادة ا م
100 1# - المدخل الرئيسى - إسم شخصى
الإسم الشخصى امين الخولى
245 10 - بيان العنوان
العنوان مالك بن انس :
بقية العنوان ثلاثة اجزاء فى مجلد واحد /
بيان المسئوليه,etc امين الخولى
260 ## - PUBLICATION, DISTRIBUTION, ETC. (IMPRINT)
تاريخ النشر أو التوزيع 1994
300 ## - الوصف المادى
التعداد 534 ص ؛
أبعاد الوعاء 24 سم
490 ## - بيان السلسلة
عنوان السلسلة الاعمال الكاملة
رقم المجلد/ التعيين التسلسلي 0
650 04 - المدخل الاضافى بالموضوع-مصطلح موضوعى
مصطلح موضوعي الاسلام - تراجم
650 04 - المدخل الاضافى بالموضوع-مصطلح موضوعى
مصطلح موضوعي الفقهاء
650 04 - المدخل الاضافى بالموضوع-مصطلح موضوعى
مصطلح موضوعي انس بن مالك
942 ## - عناصر المدخل الإضافي( كوها)
مصدر التصنيف او مخطط الترفيف Dewey Decimal Classification
Koha [default] item type كتاب
260 ## - PUBLICATION, DISTRIBUTION, ETC. (IMPRINT)
-- القاهرة :
-- الهيئة المصرية العامة للكتاب،
Holdings
حالة التراجع حالة الفقد حالة تلف ليس للاعارة المكان المؤقت الموقع الحالى موقع الترفيف تاريخ الاكتساب اجمالي اﻻعارات رقم الطلب الباركود تاريخ اخر مشاهدة تاريخ تفعيل السعر نوع وعاء كوها
        مكتبة القاهرة الكبرى مكتبة القاهرة الكبرى ق الرئيسية_التاريخ والجغرافيا_ك عربى 03/26/2014   922.582\ ا م 88865 03/26/2014 03/26/2014 كتاب
        مكتبة القاهرة الكبرى مكتبة القاهرة الكبرى ق الرئيسية_التاريخ والجغرافيا_ك عربى 03/26/2014   922.582\ ا م 88866 03/26/2014 03/26/2014 كتاب

Powered By

EGPV